000 00687nam a2200205Ia 4500
003 IN-BaIIA
008 211028s9999 xx 000 0 eng d
020 _a0-89766-045-5
040 _cIIA Library
080 _a524(082.2)
_bTSR-9
245 0 _aNinth Texas symposium on relativistic astrophysics
_cedited by Jürgen Ehlers, Judith J. Perry, and Martin Walker.
260 _aNew York
_bNew York Academy of Sciences
_c1980
300 _av, 599p.
650 _aAstronomy and Astrophysics Thesaurus
650 _aRelativistic Astrophysics
_96801
700 _aEhlers, Jurgen., ed.
_911339
700 _aPerry, Judith J., ed.
_911340
700 _aWalker, Martin, ed.
_911341
942 _cBK
999 _c6623
_d6623